|
|
|
|
| LEADER |
00000nab#a22000007a#4500 |
| 001 |
arbauad005417 |
| 003 |
AR-BaUAD |
| 005 |
20250711110713.0 |
| 008 |
940826|||||||||###||||||b###|0###a|spa|| |
| 040 |
|
|
|a AR-BaUAD
|c AR-BaUAD
|b spa
|
| 245 |
1 |
0 |
|a Sable
|b i toni neutri di Giorgio Armani
|
| 300 |
0 |
|
|b fot., figurines
|
| 500 |
|
|
|a Diseños de Mats Gustavson.
|
| 653 |
|
|
|a ITALIA
|
| 653 |
|
|
|a INDUMENTARIA MASCULINA
|
| 653 |
|
|
|a DISEÑADORES DE INDUMENTARIA
|
| 653 |
|
|
|a DISEÑO DE INDUMENTARIA
|
| 653 |
|
|
|a GIORGIO ARMANI
|
| 653 |
|
|
|a FIGURINES MASCULINOS
|
| 653 |
|
|
|a TIPOLOGIAS
|
| 653 |
|
|
|a MARCAS
|
| 773 |
0 |
|
|t L'Uomo Vogue
|g no. 248 [feb. 1994], p. 80-85
|
| 942 |
|
|
|c ARTI
|
| 952 |
|
|
|0 0
|1 0
|4 0
|7 0
|9 50337
|a AR-BAuAD
|b AR-BAuAD
|d 2025-07-11
|l 0
|p AAQA005417
|r 2025-07-11 11:07:13
|w 2025-07-11
|y ARTI
|
| 990 |
|
|
|a DT199
|b TD
|
| 998 |
|
|
|a AAQ
|b BIBUN76
|
| 999 |
|
|
|c 30010
|d 30010
|